Animal Alphabet Picture 36 - Statistics

General Stats
  • This quiz has been taken 15 times
  • The average score is 15 of 26
Answer Stats
Picture Hint Answer % Correct
H Husky
100%
C Cobra
90%
D Dragon
90%
L Lynx
90%
P Porcupine
90%
S Swan
90%
T Tortoise
80%
M Moth
70%
R Roadrunner
70%
W Wombat
70%
I Ibis
60%
E Ermine
50%
F Flying Squirrel
50%
O Oryx
50%
Z Zebra Shark
50%
A African Wild Dog
40%
G Gopher
40%
K Kudu
40%
N Nudibranch
40%
U Upupa
40%
V Vole
40%
J Jaguarundi
30%
Q Quelea
30%
B Bat-Eared Fox
20%
X Xysticus
20%
Y Yellow Mongoose
20%
No matching quizzes found
Score Distribution
Percent of People with Each Score
Percentile by Number Answered
Your Score History
You have not taken this quiz